Statistieken voor Chili Trivia Quiz

Klik hier om de quiz te nemen!

Algemene statistieken

  • Deze quiz is 359 keer genomen
  • De gemiddelde score is 13 van 20

Antwoordstatistieken

HintAntwoord% Correct
Aangrenzende landenArgentinië
98%
Aangrenzende landenPeru
96%
Officiële taalSpaans
95%
Aangrenzende landenBolivia
94%
HoofdstadSantiago
91%
Amerikaanse staat waarvan de vlag lijkt op die van Chili
Texas
81%
Bergketen die zich uitstrekt over de hele lengte van ChiliAndes
80%
ValutaPeso
78%
Net als Noorwegen heeft Chili veel van deze diepe, oceanische inhammenFjorden
75%
Eiland in de Stille Oceaan, ook bekend als Rapa Nui, voor het eerst ontdekt door Europeanen op zondag 5 april 1722Paaseiland
63%
In 1960 heeft Chili de sterkste hiervan ooit geregistreerdAardbeving
51%
Meest zuidelijke eilandengroepTierra del {Fuego}
51%
Dictator van Chili, 1973–1990Augusto Pinochet
49%
Ojos del Salado, met een hoogte van 6893 meter, is 's werelds hoogste ...Vulkaan
49%
Meest zuidelijke puntKaap {Hoorn}
48%
Metaal dat 60% van de export van Chili uitmaaktKoper
48%
's Werelds droogste woestijnAtacama
41%
Dichter die de Nobelprijs van 1971 won{Pablo} Neruda
38%
Straat die de bovenstaande scheidt van het vastelandStraat van {Magellan}
31%
Oorlog waarbij Bolivia zijn kustlijn verloor aan Chili{Salpeter}oorlog
23%

Scoreverdeling

Percentiel versus Aantal Correcte Antwoorden

Procent van Mensen met Elke Score

Uw Scoregeschiedenis

U heeft deze quiz nog niet genomen